Projekt obnovy bytového domu v Betliari-Maša

Enregistré dans:
Détails bibliographiques
Auteur principal: Jakubáč, Jakub (Auteur)
Autres auteurs: Hanuliak, Peter (Directeur de thèse)
Format: Manuscrit Livre
Langue:slovaque
Publié: 2024
Sujets:
Accès en ligne:http://is.stuba.sk/zp/portal_zp.pl?podrobnosti=171693
Tags: Ajouter un tag
Pas de tags, Soyez le premier à ajouter un tag!

MARC

LEADER 00000ntm a22000003a 4500
001 stuzp95001
003 SK-STU
005 20240608210450.7
007 ta
008 150427s2015----xo-----f-mn---000-0-slo-d
040 |a STU  |b slo 
041 0 |a slo 
100 1 |a Jakubáč, Jakub  |u 010180  |4 aut  |U SvF Stavebná fakulta  |T SvF Katedra konštrukcií pozemných stavieb  |X 93064  |U V180  |Y 18  |7 93064 
242 0 1 |a Modernisation of historical residential building in Betliar-Maša project  |y eng 
245 1 0 |a Projekt obnovy bytového domu v Betliari-Maša 
260 |c 2024 
650 4 |a obnova  |2 slo 
650 4 |a realizačný projekt  |2 slo 
650 4 |a historický bytový dom  |2 slo 
650 4 |a historic apartment building  |2 eng 
650 4 |a renovation  |2 eng 
650 4 |a implementation project  |2 eng 
700 1 |a Hanuliak, Peter  |u 010180  |k Z1  |4 ths  |U SvF Stavebná fakulta  |T SvF Katedra konštrukcií pozemných stavieb  |X 11280  |U V180  |Y 18  |7 A000011280 
856 4 |u http://is.stuba.sk/zp/portal_zp.pl?podrobnosti=171693